[Event "AUTO-OPEN-4271"]
[Site "http://www.queenalice.com/game.php?id=1649287"]
[Date "2021.4.10"]
[Round "1"]
[White "MoveLight"]
[Black "LOMBARDY"]
[Result "0-1"]
[WhiteElo "1035"]
[BlackElo "2231"]

1. e4 e5 2. Nf3 Nf6 3. Bc4 Nc6 4. c3 Bc5 5. d4 exd4 6. cxd4 Bb4+ 7. Bd2 Bxd2+ 8.
Qxd2 Nxe4 9. Qf4 Nf6 10. Qe3+ Qe7 11. Ng5 Qxe3+ 12. fxe3 O-O 13. O-O d5 14. Bd3
h6 15. Nf3 Re8 16. Nc3 Rxe3 17. Bc2 Bg4 18. Nb5 Rc8 19. Nd2 a6 20. Nc3 Nxd4 21.
Bd1 c6 22. Rf4 Bxd1 23. Rxd1 Rxc3 24. bxc3 Ne2+ 25. Kf1 Nxf4 26. Rb1 Rc7 27. g3
Nd3 28. c4 Ne4 29. Rd1 Nc3 30. Ra1 b5 31. cxb5 axb5 32. Kg2 Re7 33. Nb3 Re2+ 34.
Kf3 g5 35. Nd4 Ne5# 0-1

[Event "AUTO-OPEN-4271"]
[Site "http://www.queenalice.com/game.php?id=1649288"]
[Date "2021.4.10"]
[Round "1"]
[White "LOMBARDY"]
[Black "MoveLight"]
[Result "1-0"]
[WhiteElo "2246"]
[BlackElo "1035"]

1. e4 Nf6 2. e5 Nd5 3. d4 Nc6 4. g3 d6 5. exd6 cxd6 6. Bg2 e6 7. Nf3 e5 8. dxe5
dxe5 9. O-O e4 10. Re1 f5 11. Nd4 g6 12. Nxc6 bxc6 13. c4 Nb4 14. Qxd8+ Kxd8 15.
Bg5+ Be7 16. Bxe7+ Kxe7 17. Na3 Rd8 18. f3 Nd3 19. Re2 Rb8 20. b3 a5 21. fxe4
fxe4 22. Bxe4 Nb4 23. Bxc6+ Kd6 24. Rd2+ Kc7 25. Rxd8 Kxd8 26. Be4 Ba6 27. Kf2
Rb6 28. Rd1+ Ke7 29. Rd2 Nc6 30. c5 Rb4 31. Bxc6 Kf6 32. Nc2 Rh4 33. Kg2 Rg4 34.
Bf3 Rg5 35. Rd6+ Kg7 36. Rxa6 Rxc5 37. Nd4 Rd5 38. Ne6+ Kh6 39. h4 Rd2+ 40. Kh3
Rxa2 41. Ra7 Ra3 42. Ng5 Rxb3 43. Rxh7# 1-0

[Event "AUTO-OPEN-4273"]
[Site "http://www.queenalice.com/game.php?id=1650007"]
[Date "2021.4.17"]
[Round "1"]
[White "MoveLight"]
[Black "Castling"]
[Result "0-1"]
[WhiteElo "1050"]
[BlackElo "1317"]

1. d4 d5 2. f4 Bf5 3. Nf3 h6 4. Nc3 e6 5. e3 a6 6. h3 Bb4 7. a3 Ba5 8. b4 Bb6 9.
g4 Be4 10. Bg2 Nf6 11. Ne5 Bxg2 12. Rh2 Ne4 13. Rxg2 Nxc3 14. Qd3 Ne4 15. a4
Qh4+ 16. Kf1 Qxh3 17. c4 Qh1+ 18. Rg1 Ng3+ 19. Kf2 Qh2+ 20. Rg2 Ne4+ 21. Qxe4
Qh4+ 22. Kg1 Qe1+ 23. Kh2 dxe4 24. b5 Nd7 25. f5 Nxe5 26. dxe5 Bxe3 27. Bb2 Bf4+
28. Kh3 Qe3+ 29. Kh4 Bg5+ 30. Kh5 Qh3# 0-1

[Event "AUTO-OPEN-4273"]
[Site "http://www.queenalice.com/game.php?id=1650028"]
[Date "2021.4.17"]
[Round "1"]
[White "jsiebel"]
[Black "MoveLight"]
[Result "0-1"]
[WhiteElo "1437"]
[BlackElo "1035"]

1. e4 Nf6 2. e5 Nd5 3. d4 e6 4. Nc3 f6 5. exf6 gxf6 6. Qh5+ Ke7 7. Nxd5+ exd5 8.
Qxd5 c6 9. Qe4+ Kf7 10. c4 d5 11. cxd5 cxd5 12. Qe3 Nc6 13. Bd3 Qa5+ 14. Bd2 Qb6
15. Nf3 Qxb2 16. Ng5+ Kg8 17. O-O fxg5 18. Qxg5+ Bg7 19. Rae1 Qxd4 20. Re8+ Kf7
21. Rxh8 Bxh8 22. Bxh7 Be5 23. Qg6+ Ke7 24. Bg5+ Kd7 25. Qf7+ Kd6 26. Qf8+ Kc7
27. Be3 Qh4 28. g3 Qxh7 29. Rc1 d4 30. Bf4 Qe4 31. Bxe5+ Qxe5 32. Qf7+ Bd7 33.
Qf3 Qe6 34. Qf4+ Qd6 35. a4 Rf8 36. Qxd6+ Kxd6 37. f4 d3 38. Rd1 Nb4 39. a5 Bg4
40. Rd2 Re8 41. h4 Re1+ 42. Kf2 Re2+ 43. Rxe2 dxe2 44. Ke1 Nd3+ 0-1

[Event "AUTO-OPEN-4273"]
[Site "http://www.queenalice.com/game.php?id=1650029"]
[Date "2021.4.17"]
[Round "1"]
[White "MoveLight"]
[Black "jsiebel"]
[Result "1-0"]
[WhiteElo "1035"]
[BlackElo "1537"]

1. d4 d5 2. Nf3 Nc6 3. b3 Nf6 4. c4 dxc4 5. bxc4 Bf5 6. Nc3 g6 7. d5 Nb4 8. Qa4+
Nc6 9. dxc6 b6 10. h3 Bg7 11. Nb5 O-O 12. g4 Be4 13. Bf4 Bxc6 14. Rd1 Qb8 15.
Nbd4 Bxa4 16. Ne5 c5 17. Rd3 Ne4 18. Nd7 Bxd7 19. Bxb8 Raxb8 20. Bg2 Bxd4 21.
Bxe4 b5 22. e3 bxc4 23. Ra3 Bxe3 24. fxe3 f5 25. Rxa7 Rfd8 26. Bd5+ e6 27. Bxc4
Kg7 28. Bxe6 Rb1+ 29. Kf2 Rxh1 30. Bxd7 Kh6 31. Bc6 Rd2+ 32. Kg3 fxg4 33. Bxh1
Rd3 34. Kxg4 Rxe3 35. a4 Re5 36. a5 Rg5+ 37. Kf4 c4 38. a6 c3 39. Rc7 Rf5+ 40.
Ke4 Rf1 41. Bg2 Re1+ 42. Kd4 Re2 43. Be4 Rh2 44. a7 Ra2 45. Kxc3 Ra3+ 46. Kd4 g5
47. a8=Q Rxh3 48. Qh8 Kh5 49. Rxh7+ Kg4 50. Rxh3 Kf4 51. Qf6+ 1-0

[Event "Let's Play Chess!"]
[Site "http://www.queenalice.com/game.php?id=1650165"]
[Date "2021.4.20"]
[Round "-"]
[White "MoveLight"]
[Black "charles31"]
[Result "1-0"]
[WhiteElo "1035"]
[BlackElo "1696"]

1. e4 e5 2. Nf3 d6 3. c3 a6 4. d4 exd4 5. cxd4 Bg4 6. Qb3 Bxf3 7. Qxf3 Nc6 8.
Be2 h6 9. O-O Nxd4 10. Qd3 Nxe2+ 11. Qxe2 Nf6 12. Nc3 Qd7 13. b3 O-O-O 14. f3 d5
15. e5 Re8 16. f4 Bc5+ 17. Be3 Bxe3+ 18. Qxe3 Nh5 19. Rad1 c6 20. Na4 f6 21.
Nb6+ Kc7 22. Nxd7 Kxd7 23. Qh3+ 1-0

[Event "AUTO-OPEN-4274"]
[Site "http://www.queenalice.com/game.php?id=1650270"]
[Date "2021.4.20"]
[Round "1"]
[White "CCapivara"]
[Black "MoveLight"]
[Result "1-0"]
[WhiteElo "2221"]
[BlackElo "1035"]

1. e4 e5 2. f4 exf4 3. Nf3 Nf6 4. e5 Nd5 5. Bc4 Nb6 6. Bb3 Nc6 7. d4 d6 8. Bxf4
d5 9. c3 f6 10. exf6 Qxf6 11. Qd2 Bd6 12. Bxd6 Qxd6 13. O-O O-O 14. Na3 Bg4 15.
Qd3 Nc4 16. Nxc4 dxc4 17. Bxc4+ Kh8 18. Bb3 Rae8 19. Rf2 Na5 20. Bc2 Qf4 21.
Qxh7# 1-0

[Event "AUTO-OPEN-4274"]
[Site "http://www.queenalice.com/game.php?id=1650271"]
[Date "2021.4.20"]
[Round "1"]
[White "MoveLight"]
[Black "CCapivara"]
[Result "0-1"]
[WhiteElo "1035"]
[BlackElo "2244"]

1. e4 d6 2. d4 Nf6 3. f3 c6 4. Nc3 e5 5. d5 cxd5 6. exd5 Be7 7. Bb5+ Bd7 8. a4
O-O 9. b4 Bxb5 10. Nxb5 Nbd7 11. c4 a6 12. Nc3 Rc8 13. c5 Re8 14. cxd6 Bxd6 15.
b5 Rxc3 16. Bg5 e4 17. Qd4 exf3+ 18. Kf2 fxg2 19. Kxg2 Rc2+ 20. Kf1 Be5 21. Qd1
Qc7 22. Rc1 Qc4+ 23. Qe2 Rxc1+ 24. Bxc1 Qxc1+ 25. Kg2 Qg5+ 26. Kf2 Bd4+ 27. Kf1
Rxe2 28. Nxe2 Be3 29. h4 Qf5+ 30. Kg2 Qf2+ 31. Kh3 Qf3+ 32. Ng3 Bf2 33. Rg1 Bxg1
34. bxa6 Bf2 35. axb7 Qxg3# 0-1

[Event "AUTO-OPEN-4274"]
[Site "http://www.queenalice.com/game.php?id=1650296"]
[Date "2021.4.20"]
[Round "1"]
[White "Esvir"]
[Black "MoveLight"]
[Result "1-0"]
[WhiteElo "2024"]
[BlackElo "1035"]

1. e4 e5 2. Nf3 d6 3. Bc4 Nf6 4. Ng5 h6 5. Nxf7 Qe7 6. Nxh8 Nxe4 7. Qh5+ Kd7 8.
Qf5+ Kd8 9. Nf7+ Ke8 10. Qxc8+ Qd8 11. Qxd8# 1-0

[Event "AUTO-OPEN-4274"]
[Site "http://www.queenalice.com/game.php?id=1650297"]
[Date "2021.4.20"]
[Round "1"]
[White "MoveLight"]
[Black "Esvir"]
[Result "0-1"]
[WhiteElo "1035"]
[BlackElo "2020"]

1. e4 e5 2. Nf3 Nc6 3. d3 h6 4. c4 Nf6 5. Nc3 d6 6. a4 Be7 7. Be2 O-O 8. O-O Be6
9. b3 Nb4 10. d4 exd4 11. Qxd4 Nc2 12. Qd2 Nxa1 13. Qb2 Nxb3 14. Qxb3 Rb8 15.
Rd1 a6 16. e5 Nd7 17. exd6 Bxd6 18. g3 Qe7 19. Qb1 Bb4 20. Na2 Bg4 21. Nxb4 Qxe2
22. Qd3 Qxf3 23. Qxf3 Bxf3 24. Rxd7 Rbd8 25. Rd3 Rxd3 26. Nxd3 Rd8 27. Ne5 Rd1#
0-1

[Event "AUTO-OPEN-4274"]
[Site "http://www.queenalice.com/game.php?id=1650314"]
[Date "2021.4.20"]
[Round "1"]
[White "MoveLight"]
[Black "tarasch"]
[Result "0-1"]
[WhiteElo "1065"]
[BlackElo "2154"]

1. e4 c5 2. Nf3 d6 3. c3 Nf6 4. d4 Nxe4 5. dxc5 Nxc5 6. b3 Bg4 7. b4 Ncd7 8. Qd5
Qc7 9. Bc4 Be6 10. Qh5 Qxc4 11. Nfd2 Qg4 12. Qa5 Qxg2 13. Qc7 Qxh1+ 14. Ke2 Qc6
15. Qa5 Qa6+ 16. Qxa6 Nxa6 17. Ne4 g6 18. Bf4 Bg7 19. Na3 Nf6 20. f3 Nxe4 21.
fxe4 Bxc3 22. Rc1 Bb2 23. Rd1 Bxa3 24. b5 Nc5 25. e5 Bg4+ 26. Kd2 Bxd1 27. Kxd1
Ne6 28. Bc1 Bxc1 29. Kxc1 dxe5 0-1

[Event "AUTO-OPEN-4274"]
[Site "http://www.queenalice.com/game.php?id=1650315"]
[Date "2021.4.20"]
[Round "1"]
[White "tarasch"]
[Black "MoveLight"]
[Result "1-0"]
[WhiteElo "2135"]
[BlackElo "1035"]

1. d4 d5 2. c4 dxc4 3. e3 Nf6 4. Bxc4 Nc6 5. Nc3 Nb4 6. Qb3 e6 7. Nf3 Nc6 8. a3
Bd6 9. O-O O-O 10. Qc2 h6 11. e4 g5 12. e5 Nd5 13. exd6 cxd6 14. Nxd5 exd5 15.
Bxd5 Ne7 16. Ba2 b6 17. Re1 b5 18. Rxe7 Qxe7 19. Qg6+ Kh8 20. Qxh6+ Kg8 21. Bxg5
Qe4 22. Bb1 Qe2 23. Qh7# 1-0

[Event "AUTO-OPEN-4275"]
[Site "http://www.queenalice.com/game.php?id=1650430"]
[Date "2021.4.23"]
[Round "1"]
[White "jsiebel"]
[Black "MoveLight"]
[Result "0-1"]
[WhiteElo "1526"]
[BlackElo "1035"]

1. e4 e5 2. Nf3 Nf6 3. Nxe5 Nxe4 4. Qe2 Nf6 5. Nc3 b6 6. g3 d6 7. Nc6+ Qe7 8.
Nxe7 Bxe7 9. g4 Bxg4 10. f3 Bd7 11. Nd5 O-O 12. Nxe7+ Kh8 13. Rg1 c5 14. d3 Re8
15. Bg5 Nc6 16. Bxf6 gxf6 17. O-O-O Rxe7 18. Qg2 Rg8 19. Qf2 a5 20. Rxg8+ Kxg8
21. Qg3+ Kf8 22. d4 Nxd4 23. c3 Nf5 24. Qg4 Ne3 25. Qf4 Nxd1 26. Qh6+ Kg8 27.
Kxd1 Re6 28. Bd3 f5 29. Bxf5 Rxh6 30. Bxd7 Rxh2 31. f4 Rxb2 32. a4 h5 33. f5 h4
34. f6 d5 35. Kc1 Rf2 36. Bc6 d4 37. cxd4 cxd4 38. Kd1 d3 39. Ke1 Rxf6 40. Be4
Re6 41. Kd2 Rxe4 42. Kxd3 f5 43. Kd2 h3 0-1

[Event "AUTO-OPEN-4275"]
[Site "http://www.queenalice.com/game.php?id=1650431"]
[Date "2021.4.23"]
[Round "1"]
[White "MoveLight"]
[Black "jsiebel"]
[Result "1-0"]
[WhiteElo "1035"]
[BlackElo "1537"]

1. e4 e5 2. Nc3 Nf6 3. Nf3 Nc6 4. d3 Nd4 5. Nxe5 d6 6. Nc4 b5 7. Ne3 b4 8. Ncd5
Nxd5 9. exd5 c5 10. c3 bxc3 11. bxc3 Nf5 12. g4 Nxe3 13. Bxe3 Bb7 14. Bg2 Qa5
15. Qb1 Qxc3+ 16. Ke2 Bc8 17. Rc1 Qa5 18. Rc4 Ba6 19. Re4+ Be7 20. Qb2 O-O 21.
Rxe7 Rfe8 22. Bg5 c4 23. dxc4 Bxc4+ 24. Kf3 Qxd5+ 25. Kg3 Reb8 26. Bxd5 Rxb2 27.
Bxa8 h6 28. Re8+ Kh7 29. Be4+ g6 30. Bf6 1-0

[Event "AUTO-OPEN-4275"]
[Site "http://www.queenalice.com/game.php?id=1650476"]
[Date "2021.4.23"]
[Round "1"]
[White "parapunzi"]
[Black "MoveLight"]
[Result "1-0"]
[WhiteElo "2611"]
[BlackElo "1084"]

1. e4 e5 2. Nf3 d5 3. exd5 Qxd5 4. Nc3 Qd8 5. Nxe5 f6 6. Qh5+ g6 7. Nxg6 hxg6 8.
Qxh8 Nh6 9. d4 Qe7+ 10. Be3 Nc6 11. O-O-O 1-0

[Event "AUTO-OPEN-4275"]
[Site "http://www.queenalice.com/game.php?id=1650477"]
[Date "2021.4.23"]
[Round "1"]
[White "MoveLight"]
[Black "parapunzi"]
[Result "0-1"]
[WhiteElo "1082"]
[BlackElo "2612"]

1. e4 c5 2. Nf3 e6 3. d3 Nc6 4. c4 Nf6 5. d4 cxd4 6. Nxd4 Nxe4 7. Be2 Bb4+ 8.
Nd2 Nxd4 9. O-O Nxe2+ 10. Qxe2 Nxd2 11. Bxd2 Bxd2 12. Qxd2 O-O 0-1

[Event "Challenge"]
[Site "http://www.queenalice.com/game.php?id=1759386"]
[Date "2021.5.14"]
[Round "-"]
[White "MoveLight"]
[Black "KAXY"]
[Result "0-1"]
[WhiteElo "1086"]
[BlackElo "1695"]

1. e4 e5 2. Nf3 d6 3. Bc4 Bg4 4. h3 Bxf3 5. Qxf3 Nf6 6. Bd5 Nxd5 7. exd5 Be7 8.
O-O Nd7 9. c4 Nc5 10. Qg4 O-O 11. d4 Nd7 12. Bh6 g6 13. dxe5 dxe5 14. Nd2 Re8
15. f4 exf4 16. Qxf4 Bf6 17. Rae1 Rxe1 18. Rxe1 Bg7 19. Rf1 Qe7 20. Qxc7 Bxh6
21. Qxb7 Rb8 22. Qxa7 Be3+ 23. Qxe3 Qxe3+ 24. Rf2 Rxb2 25. Nf1 Qxf2+ 26. Kh2
Qxg2# 0-1

[Event "AUTO-BEG-676"]
[Site "http://www.queenalice.com/game.php?id=1760881"]
[Date "2021.5.29"]
[Round "1"]
[White "VeganVampire"]
[Black "MoveLight"]
[Result "1-0"]
[WhiteElo "1227"]
[BlackElo "1074"]

1. e4 e5 2. d3 Nc6 3. c3 Nf6 4. Qf3 d5 5. h3 dxe4 6. dxe4 Be6 7. Bd3 h6 8. Qg3
g5 9. h4 g4 10. Qe3 b6 11. f3 Bc5 12. Qe2 g3 13. Be3 Be7 14. h5 Qd7 15. Bb5 a6
16. Bxa6 1-0

[Event "AUTO-BEG-676"]
[Site "http://www.queenalice.com/game.php?id=1760882"]
[Date "2021.5.29"]
[Round "1"]
[White "MoveLight"]
[Black "VeganVampire"]
[Result "0-1"]
[WhiteElo "1063"]
[BlackElo "1374"]

1. e4 e5 2. Nf3 d6 3. Bc4 Qf6 4. d4 h6 5. dxe5 dxe5 6. b3 Bd6 7. g3 Ne7 8. O-O
b6 9. Bd5 Nbc6 10. c4 Rb8 11. h4 Nb4 12. Ng5 hxg5 13. Bxg5 Qg6 14. f4 f6 15. f5
Qh5 16. g4 Qh7 17. Be3 Qxh4 18. Kg2 Qh2+ 0-1

[Event "AUTO-BEG-676"]
[Site "http://www.queenalice.com/game.php?id=1760889"]
[Date "2021.5.29"]
[Round "1"]
[White "MoveLight"]
[Black "Clemente09"]
[Result "0-1"]
[WhiteElo "1090"]
[BlackElo "1385"]

1. e4 e5 2. Nf3 c6 3. Bc4 Qf6 4. d3 b5 5. Bg5 Qd6 6. Bb3 h6 7. Bh4 Na6 8. O-O
Nc5 9. Re1 g5 10. Bg3 g4 11. d4 Nxe4 12. dxe5 Qc5 13. Rxe4 gxf3 14. Qxf3 d5 15.
Rf4 Be6 16. Qh5 Bg7 17. Qg4 Bxg4 18. Rxg4 Rh7 19. Nd2 h5 20. Rh4 f6 21. e6 Bh6
22. Rxh5 Re7 23. Rxh6 Nxh6 24. Kf1 O-O-O 25. Re1 Ng4 26. f3 Ne3+ 27. Kg1 Nd1+
28. Kf1 Nxb2 29. Bf2 Qd6 30. Bd4 Qxh2 31. Bxb2 Rg8 32. Be5 Qxg2# 0-1

[Event "AUTO-BEG-676"]
[Site "http://www.queenalice.com/game.php?id=1760890"]
[Date "2021.5.29"]
[Round "1"]
[White "Clemente09"]
[Black "MoveLight"]
[Result "0-1"]
[WhiteElo "1334"]
[BlackElo "1063"]

1. e4 e5 2. Qh5 Nf6 3. Qxe5+ Be7 4. d4 Nc6 5. Qg3 O-O 6. e5 Ne4 7. Qg4 f5 8. Bh6
fxg4 9. h3 g3 10. f3 Nf2 11. Bc4+ d5 12. Bb3 Nxd4 13. Be3 Nxh1 14. Bxd4 c5 15.
Be3 Qa5+ 16. Bd2 Qb6 17. Bxd5+ Be6 18. Bb3 c4 19. Ba4 Qxg1+ 20. Ke2 Qxg2+ 21.
Kd1 Qxf3+ 0-1